| 000 | 00370nam a2200145Ia 4500 | ||
|---|---|---|---|
| 008 | 221030s9999 xx 000 0 und d | ||
| 020 | _a8177585513 | ||
| 041 | _aEnglish | ||
| 100 | _aJ. B. Peatman | ||
| 245 | 0 |
_aDesign With PIC Microcontrollers _cby J. B. Peatman |
|
| 260 |
_bPearson Education _aNoida _c2017 |
||
| 300 | _a274 | ||
| 650 | _aBE Computer | ||
| 942 | _cBK | ||
| 999 |
_c18329 _d18329 |
||